| 000 | 00363nam a2200133 a 4500 | ||
|---|---|---|---|
| 005 | 20140414131907.0 | ||
| 008 | 100930s19uu xx 00 eng d | ||
| 050 |
_aM 973.3 _bR67 2004 |
||
| 100 | _aRoop, Peter | ||
| 245 | _aLet's drive, Henry Ford. | ||
| 260 |
_aNew York : _bScholastic , _c2004. |
||
| 440 | _aScholastic chapter book biography | ||
| 999 |
_c111004 _d111004 |
||